01459naa a2200217 i 45000010005000000030009000050050017000140080039000310400021000700800011000911000091001022450107001935000021003005200494003216500027008156500021008426550030008636500016008937730267009097110065011761309KOSZ 00520190610114404.0160128s2007 pl f |100 0 pol cBPKdKOSZ 005/EG a004.891 aPRĄDZIŃSKI, Marcin - doktorant.bPolitechnika Koszalińska - Wydział Mechaniczny10aSystem sztucznej inteligencji do doboru składników ściernicy hybrydowej /cMarcin Prądziński. aDane z autopsji. aPrzedstawiono możliwość zastosowania sztucznej inteligencji w postaci sieci neuronowej przy doborze składników nowoczesnych narzędzi zwanych ściernicami hybrydowymi. Dotychczas znane metody pozwalały na budowanie ściernic hybrydowych na podstawie doboru materiału w sposób intuicyjny lub przypadkowy. Odpowiednio zaprogramowana sieć neuronowa pozwala na uzyskanie konkretnej odpowiedzi na zadany problem. Uzyskane rozwiązanie pozwala na zbudowanie nowych narzędzi. 0aInteligencja sztuczna. 0aSieci neuronowe. 0aMateriały konferencyjne. 0aŚciernica0 iW :tCAX'2006 : komputerowe wspomaganie nauki i techniki : III warsztaty naukowe, Bydgoszcz - Duszniki Zdrój 2006 : praca zbiorowa / pod red. Tadeusza Mikołajczyka. -dBydgoszcz : Wydaw. Uczelniane Uniwersytetu Technologiczno-Przyrodniczego, 2007. -gs. 81-8422aCAX'2006n(3 ;d2006 ;cDuszniki Zdrój, Polska).pCAX'2006